[Event "POL-ch disabled"]
[Site "Rowy"]
[Date "2009.09.04"]
[Round "5.34"]
[White "Borkowski, Jozef"]
[Black "Struss, Marek"]
[Result "1-0"]
[WhiteElo "1745"]
[BlackElo "1624"]
[PlyCount "63"]
[EventDate "2009.09.01"]
[EventType "swiss"]
[EventRounds "9"]
[EventCountry "POL"]
[SourceTitle "EXT 2023"]
[Source "ChessBase"]
[SourceDate "2022.10.05"]
[SourceVersion "1"]
[SourceVersionDate "2022.10.05"]
[SourceQuality "1"]

1. e4 e5 2. Nf3 d6 3. c3 Bg4 4. d4 Nd7 5. Be2 Bxf3 6. Bxf3 Qf6 7. Be3 0-0-0 8. Bg4 Kb8 9. Qa4 Nb6 10. Qb5 h5 11. Bf3 g5 12. h3 a6 13. Qd3 Be7 14. d5 h4 15. Nd2 Qg6 16. Bg4 Nh6 17. Qe2 Nxg4 18. Qxg4 Rhf8 19. Nf3 f5 20. Nxh4 Qf7 21. Nxf5 Nc4 22. Qe2 Nxe3 23. Qxe3 Rc8 24. b4 c6 25. c4 cxd5 26. cxd5 Rc2 27. 0-0 Rfc8 28. a4 R8c3 29. Qe1 Qf8 30. Ra2 Rc1 31. Qd2 Rxf1+ 32. Kxf1 1-0

[Event "POL-ch disabled"]
[Site "Rowy"]
[Date "2009.09.01"]
[Round "1.23"]
[White "Struss, Marek"]
[Black "Krawcewicz, Lucyna"]
[Result "0-1"]
[WhiteElo "1624"]
[BlackElo "1966"]
[PlyCount "75"]
[EventDate "2009.09.01"]
[EventType "swiss"]
[EventRounds "9"]
[EventCountry "POL"]
[SourceTitle "EXT 2023"]
[Source "ChessBase"]
[SourceDate "2022.10.05"]
[SourceVersion "1"]
[SourceVersionDate "2022.10.05"]
[SourceQuality "1"]

1. e4 c5 2. c4 Nc6 3. Nf3 e6 4. Nc3 a6 5. Be2 Be7 6. 0-0 Nf6 7. d3 d6 8. Re1 0-0 9. Bf1 h6 10. Bd2 Bd7 11. Qb3 Rb8 12. a4 Nd4 13. Nxd4 cxd4 14. Ne2 e5 15. Qc2 Qc8 16. Rac1 Nh7 17. Ng3 f5 18. exf5 Bxf5 19. Be2 Bg4 20. f3 Bf5 21. Qb3 Kh8 22. Qb6 Qe6 23. Qb4 Bg6 24. Ne4 Bxe4 25. fxe4 Nf6 26. Rf1 Qd7 27. Qb3 Nh7 28. h3 Bg5 29. Bxg5 Nxg5 30. Rxf8+ Rxf8 31. Bg4 Qe7 32. Qc2 g6 33. Rf1 Rxf1+ 34. Kxf1 h5 35. Bd1 Qf7+ 36. Qf2 Qxf2+ 37. Kxf2 a5 38. Ke2 0-1

[Event "POL-ch disabled"]
[Site "Chotowa"]
[Date "2007.05.31"]
[Round "9.23"]
[White "Chmielowski, Stefan"]
[Black "Struss, Marek"]
[Result "1-0"]
[WhiteElo "2711"]
[BlackElo "1717"]
[PlyCount "22"]
[EventDate "2007.05.26"]
[EventType "swiss"]
[EventRounds "9"]
[EventCountry "POL"]
[SourceTitle "EXT 2023"]
[Source "ChessBase"]
[SourceDate "2022.10.05"]
[SourceVersion "1"]
[SourceVersionDate "2022.10.05"]
[SourceQuality "1"]

1. e4 d5 2. e5 Nd7 3. f4 e6 4. d4 Nb6 5. Nf3 Nh6 6. Bd3 Qe7 7. 0-0 Bd7 8. b3 Qd8 9. a4 Nc8 10. Ba3 Bxa3 11. Nxa3 a6 1-0